Les villes françaises composées de 2 mots dont le 1er est "Le" - Statistiques

Statistiques générales
  • Ce quiz a été pris 172 fois
  • Le résultat moyen est 6 sur 21
Statistiques - réponses
Indice Ville % Correct
72 Mans
84%
76 Havre
83%
76 - Grand et Petit Quevilly
56%
974 Tampon
44%
93 Blanc Mesnil
37%
93 Raincy
31%
06 Cannet
28%
71 Creusot
28%
972 Lamentin
25%
93 Bourget
24%
974 Port
21%
94 Perreux
15%
33 Bouscat
14%
94 Kremlin Bicetre
14%
78 Vesinet
14%
92 Plessis Robinson
13%
78 Chesnay
11%
84 Pontet
11%
76 Treport
11%
78 Pecq
9%
971 Gosier
3%
Aucun quiz correspondant
Distribution des résultats
% des personnes avec chaque résultat
Percentile par nombre de réponses
Votre historique - résultats
Vous n’avez pas pris ce quiz